Library, information science and society : (Record no. 151382)

MARC details
000 -LEADER
fixed length control field 00851nam a2200265 a 4500
008 - FIXED-LENGTH DATA ELEMENTS--GENERAL INFORMATION
fixed length control field
020 ## - INTERNATIONAL STANDARD BOOK NUMBER
International Standard Book Number 8170003067 (pbk.)
049 ## - LOCAL HOLDINGS (OCLC)
Holding library MAIN
090 ## - LOCALLY ASSIGNED LC-TYPE CALL NUMBER (OCLC); LOCAL CALL NUMBER (RLIN)
Classification number (OCLC) (R) ; Classification number, CALL (RLIN) (NR) Z665LIB
003 - CONTROL NUMBER IDENTIFIER
control field
005 - DATE AND TIME OF LATEST TRANSACTION
control field 20230123133610.0
040 ## - CATALOGING SOURCE
Transcribing agency NUST
245 10 - TITLE STATEMENT
Title Library, information science and society :
Remainder of title (Essays in the memory of late Dr. A. Tejomurty) /
Statement of responsibility, etc. edited by Surendra Singh, Sonal Singh
246 ## - VARYING FORM OF TITLE
Title proper/short title Essays in the memory of late Dr. A. Tejomurty.
260 ## - PUBLICATION, DISTRIBUTION, ETC.
Place of publication, distribution, etc. New Delhi :
Name of publisher, distributor, etc. Ess Ess Pub.,
Date of publication, distribution, etc. 2002
300 ## - PHYSICAL DESCRIPTION
Extent 381 p. :
Other physical details ill. ;
Dimensions 21 cm.
504 ## - BIBLIOGRAPHY, ETC. NOTE
Bibliography, etc. note Includes bibliographical references.
650 ## - SUBJECT ADDED ENTRY--TOPICAL TERM
Topical term or geographic name entry element Library science.
650 ## - SUBJECT ADDED ENTRY--TOPICAL TERM
Topical term or geographic name entry element Information science.
700 ## - ADDED ENTRY--PERSONAL NAME
Personal name Singh, Sonal.
700 ## - ADDED ENTRY--PERSONAL NAME
Personal name Singh, Surendra.
700 ## - ADDED ENTRY--PERSONAL NAME
Personal name Tejomurty, A.
907 ## - LOCAL DATA ELEMENT G, LDG (RLIN)
a .b10108087
b 11-09-14
c 27-01-04
942 ## - ADDED ENTRY ELEMENTS (KOHA)
Koha item type Ordinary Loan Books
Call number prefix Z665LIB
Holdings
Date last seen Total Checkouts Full call number Barcode Cost, replacement price Price effective from Koha item type Lost status Source of classification or shelving scheme Damaged status Not for loan Collection Withdrawn status Home library Current library Shelving location Date acquired Cost, normal purchase price
01/23/2023 66 Z665 LIB 92003023777 80.00 01/23/2023 BOOKS   LCC     NFIC   MAIN MAIN GEN 01/23/2023 80.00